FC Bayern Rückennummerhistorie #6 - Statistiken

Allgemein
  • Dieses Quiz wurde 26 mal gespielt
  • Das Durchschnittsergebnis liegt bei 6 aus 35
Antwortstatistiken
Hint Antwort % Korrekt
seit 2020/21 Joshua Kimmich
100%
2013-2020 Thiago Alcantara
50%
1986-88 Andreas Brehme
19%
1993-98 Christian Nerlinger
19%
1990/91; 1987/88; 1985/86 Klaus Augenthaler
19%
2003-2011 Martin Demichelis
19%
1992-94 Olaf Thon
19%
1983-86 Sören Lerby
19%
1990-92 Stefan Effenberg
19%
1977/78; 1974-76 Bernd Dürnberger
15%
1995/96 Dietmar Hamann
15%
1988-91 Hans Dorfner
15%
1977/78 Hans-Josef Kapellmann
15%
1989/90 Manfred Schwabl
15%
1999-2001 Michael Wiesinger
15%
1993/94 Alexander Zickler
12%
1995/96 Andreas Herzog
12%
1991/92 Bernardo
12%
1995/96 Ciriaco Sforza
12%
1994-96 Dieter Frey
12%
1971-78 Franz Roth
12%
1986-90 Hansi Flick
12%
1993/94 Michael Sternkopf
12%
1982/83 Norbert Nachtweih
12%
1991/92 Roland Grahammer
12%
1995/96; 1989-91 Thomas Strunz
12%
1980-83 Wolfgang Kraus
12%
1966/67 Adolf Kunstwadl
8%
1966/67 Hans Nowak
8%
1966/67 Hans Rigotti
8%
1975/76 Josef Weiß
8%
1978-80 Kurt Niedermayer
8%
2000-2003 Pablo Thiam
8%
1962/63 Willi Giesemann
8%
1978/79 Wolfgang Rausch
8%
Keine übereinstimmenden Quizze gefunden
Verteilung der Resultate
Anzahl Personen mit jedem Resultat
Perzentil nach korrekt beantworteten Fragen
Ihre Resultats-Entwicklung
Sie haben dieses Quiz noch nicht gespielt